199 preguntas sobre marketing y publicidad / (Registro nro. 12841)

Detalles MARC
000 -LIDER
fixed length control field 00726nam a22002297a 4500
003 - IDENTIFICACDOR DE NÚMERO DE CONTROL
control field DO-SdBNP
005 - DATE AND TIME OF LATEST TRANSACTION
control field 20171129160000.0
008 - ELEMENTOS DE LONGITUD FIJA
fixed length control field 171110b 1994 ck ||||| |||| 00| 0 spa d
020 ## - ISBN
International Standard Book Number 9580439397
040 ## - FUENTE DE CATALOGACIÓN
Agencia que crea de manera original el registro BPMSU
Idioma de catalogación spa
Agencia que realiza la transcripción BPMSU
092 ## - LOCALLY ASSIGNED DEWEY DECIMAL CALL NUMBER
Número de clasificación xxxx
Número de ítem (Cutter) xxxx
100 1# - ASIENTO PRINCIPAL -- NOMBRE PERSONAL
Nombre personal Bonta, Patricio
245 10 - MENCIÓN DE TITULO
Título 199 preguntas sobre marketing y publicidad /
Mención de responsabilidad Patricio Bonta y Mario Farber.
246 10 - VARIACION DEL TÍTULO
Título propiamente dicho o título corto Ciento noventa y nueve preguntas sobre marketing y publicidad.
260 ## - PUBLICACIÓN, DISTRIBUCIÓN, ETC. (PIE DE IMPRENTA)
Lugar de publicación, distribución, etc Bogotá :
Nombre del editor, distribuidor, etc. Norma,
Fecha de publicación, distribución, etc 1994.
300 ## - DESCRIPCIÓN FÍSICA
Extensión 178 p. ;
Dimensiones 23 cm.
500 ## - NOTA GENERAL
Nota general Edición económica
700 12 - ASIENTO SECUNDARIO -- NOMBRE PERSONAL
Nombre personal Farber, Mario
942 ## - ADDED ENTRY ELEMENTS (KOHA)
Source of classification or shelving scheme Dewey Decimal Classification
Koha item type Libros
945 ## - INFORMACIÓN DE PROCESAMIENTO LOCAL
Información de procesamiento local Inventariado extranjero / 2017 YL
956 ## - LOCAL ELECTRONIC LOCATION AND ACCESS (OCLC)
Nombre de host LOPEREZ
Número de acceso 101
Información de compresión 20171110
Procesador de solicitud 0041
Instrucción BPMSU
Existencias
Withdrawn status Lost status Source of classification or shelving scheme Damaged status Not for loan Collection code Home library Current library Date acquired Source of acquisition Total Checkouts Barcode Date last seen Price effective from Koha item type
    Dewey Decimal Classification     Colección General Biblioteca Pública Metropolitana Salomé Ureña Biblioteca Pública Metropolitana Salomé Ureña 11/10/2017 Donación Intec   BPMSU17110545 11/10/2017 11/10/2017 Libros